|
|
|
|
| LEADER |
00000nab a2200000 a 4500 |
| 001 |
vtls000337417 |
| 003 |
SK-MaSNL |
| 005 |
20260302224645.0 |
| 008 |
140423c1988 xo 0 slo |
| 015 |
|
|
|a SNBRB19rr/mm-uuuuu
|
| 035 |
|
|
|a CL0337539
|
| 040 |
|
|
|a SNKBUCL
|b slo
|c SNKBUCL
|e AACR2
|
| 041 |
0 |
|
|a slo
|
| 044 |
|
|
|a xo
|c SK
|
| 080 |
|
|
|a 882-3
|2 1981
|
| 100 |
1 |
|
|a Murzakov, Valerij
|4 aut
|9 956115
|
| 245 |
1 |
0 |
|a Ahoj, Toňa!
|c Valerij Murzakov ; Marta Zamborová
|
| 300 |
|
|
|b Fot. 1.
|
| 500 |
|
|
|a Infomácia o autorovi.
|
| 650 |
0 |
7 |
|a poviedky psychologické
|2 snkbucl
|9 893883
|
| 655 |
|
7 |
|a články z novín a časopisov
|2 snkbucl
|9 267496
|
| 655 |
|
7 |
|a články z odboru literárna veda a krásna literatúra
|2 snkbucl
|9 770045
|
| 700 |
1 |
|
|a Zamborová, Marta,
|d 1949-
|4 trl
|9 124999
|
| 773 |
0 |
|
|t Revue svetovej literatúry
|g Roč. 24, č. 7 (1988), s. 154-162
|
| 850 |
|
|
|a Slovenská národná knižnica v Martine
|a MTA001
|
| 852 |
|
|
|a SNK
|b KIS3GCP
|
| 958 |
|
|
|a RK
|
| 958 |
|
|
|a LX
|
| 958 |
|
|
|a SU
|
| 999 |
|
|
|c 1525321
|d 1527251
|